000 00709nam a22002177a 4500
003 0
005 20250407094210.0
008 250404b xxu||||| |||| 00| 0 eng d
020 _a978-1-032-15730-6
050 _aHJ 9801
_b.B36 2023
100 _aBandy, Gary
245 _aFinancial management and accounting in the public sector
_cGary Bandy
250 _bThird edition
260 _aChennai, India
_bDeanta Global Publishing Services
_c2023
300 _axxi, 391 pages;
_c23cm.
504 _aIncludes glossary and indexes.
650 _aPublic administration—Financial management.
650 _aPublic sector—Accounting.
650 _aPublic finance--Public budgeting.
942 _2lcc
_cBK
999 _c367375
_d367375